000 00342nam a2200145Ia 4500
005 20251222153615.0
008 251222s9999||||xx |||||||||||||| ||spa||
020 _a8473983475
082 _a354.840.088/V86
100 _aVon Ihering, Rudolph
245 0 _aLa Lucha por el Derecho
250 _a1ra.ed.
264 _bCĂ­vitas
942 _cLIB
999 _c31776
_d31776